000 00678nam a2200241 a 4500
008
020 _a0697219003 (pbk.)
049 _aMAIN
090 _aQP514.2
_bZUB
100 1 _aZubay, Geoffrey L.
245 1 0 _aBiochemistry /
_cGeoffrey Zubay.
260 _aDubuque :
_bThe McGraw-hill Companies,
_c1998.
300 _a4th ed.
300 _axxxii, 990 [95] p. :
_bill. ;
_c30 cm.
500 _aIncludes index.
504 _aIncludes bibliographic references.
650 1 _aBiochemistry.
907 _a.b10321032
_b09-05-13
_c22-10-12
003
005 20230123125459.0
040 _cNUST
942 _cBOOKS
_kQP514.2
_mZUB
999 _c142264
_d142264